书目信息 |
| 题名: |
辽沈战役图片集
|
|
| 作者: | ;辽沈战役纪念馆 编 | |
| 分册: | ||
| 出版信息: | 上海 上海教育出版社 1979 |
|
| 页数: | 46页 | |
| 开本: | 26cm | |
| 丛书名: | ||
| 单 册: | ||
| 中图分类: | K266.6-64 , K266.6 | |
| 科图分类: | ||
| 主题词: | 辽沈战役(1948)--图片 , 中国--历史 | |
| 电子资源: | ||
| ISBN: | ||
| 000 | 00675nam0 2200253 45 | |
| 001 | 0179007425 | |
| 005 | 20040331164331.8 | |
| 010 | @dCNY0.62 | |
| 091 | @a3150.2 | |
| 100 | @a19950725d1979 em y0chiy0121 ea | |
| 101 | 0 | @achi |
| 102 | @aCN@b310000 | |
| 105 | @aa z 000yy | |
| 106 | @ar | |
| 200 | 10 | @a辽沈战役图片集@Aliao shen zhan yi tu pian ji@f辽沈战役纪念馆编 |
| 210 | @a上海@c上海教育出版社@d1979 | |
| 215 | @a46页@d26cm | |
| 606 | @a辽沈战役(1948)@x图片 | |
| 606 | 0 | @a中国@x历史 |
| 690 | @aK266.6-64@v3 | |
| 690 | @aK266.6 | |
| 711 | 02 | @a辽沈战役纪念馆@Aliao shen zhan yi ji nian guan@4编 |
| 801 | 0 | @aCN@bNLC@c20040331 |
| 905 | @f1@b15693@dK266.6@e3 | |
| 辽沈战役图片集/辽沈战役纪念馆编.-上海:上海教育出版社,1979 |
| 46页;26cm |
| ISBN :CNY0.62 |
| ● |
| 相关链接 |
|
|
|
|
正题名:辽沈战役图片集
索取号:K266.6/3
 
预约/预借
| 序号 | 登录号 | 条形码 | 馆藏地/架位号 | 状态 | 备注 |
| 1 | 0015693 | 001926349 | 密集书库/ [索取号:K266.6/3] | 在馆 |